000 00639nam a2200241Ia 4500
003 OSt
005 20250725103924.0
008 210331s9999||||xx |||||||||||||| ||und||
020 _a9789352606269
040 _cSTCPL
041 _aENG
082 _a658.403 3
_bVOH-Q
100 _aVohra, N. D.
245 0 _aQuantitative techniques in management /
_cby N. D. Vohra
250 _a5th ed.
260 _aChennai :
_bMcGraw Hill Education (India) Private Limited ,
_c2017.
300 _a1091 p.
_bPB
650 _aMathematics for managers
650 _aQuantitative techniques
942 _cBK
942 _2ddc
942 _2ddc
999 _c73478
_d73478